00811nam a2200205 i 450000100060000000300090000600500170001500700030003200800410003508000160007610000380009224501440013026000650027430000380033965000320037770000320040985200220044199900170046395201250048044422ES-MaACL20230906161027.0t|030321s1900 sp ||||1| spa d a669.14(460)1 aClemencin, Perfecto Maria.93917310aAdelantos de la siderurgia y de los transportes mineros en el norte de España / cpor Perfecto María Clemencín y Jesús M: Buitrago. aMadrid : b[s.n., c1900] (fImp. de San Francisco de Sales) aXVI, 369 p., 61 lám. ; c26 cm. 4aAcero-xMetalurgia.91649631 aBuitrago, Jesús M.9324714 aES-MaACLjG-10174 c44422d44422 001040708LIBXIXaATENEOMbATENEOMcSPP3d2008-01-17eSCl0oG-10174p1046747r2023-02-23 00:00:00w2023-02-23yMONANT